| 000 | 01086cam a2200337Ka 4500 | ||
|---|---|---|---|
| 001 | 42930 | ||
| 005 | 20230410115407.0 | ||
| 008 | 040603s2003 ag 000 0 spa d | ||
| 035 | _a(OCoLC)ocm55539098 | ||
| 040 |
_aJRB _cJRB _dOCLCQ _dBAKER _dBTCTA |
||
| 019 | _a150386123 | ||
| 020 | _a9875021059 | ||
| 020 | _a9789875021051 | ||
| 035 |
_a(OCoLC)55539098 _z(OCoLC)150386123 |
||
| 050 | 1 | 4 |
_aHD 31 _bS679m 2003 |
| 082 | 0 | 0 | _a658.4 |
| 100 | 1 | _aSoderini, Julio. | |
| 245 | 1 | 0 |
_aMaquiavelo : _blas técnicas del poder / _cJulio Solderini. |
| 246 | 3 | _aLas técnicas del poder : como aniquilar a la competencia | |
| 260 |
_aBuenos Aires : _bEditorial Distal SRL, _c2003. |
||
| 300 |
_a317 p. ; _c22 cm. |
||
| 650 | 7 |
_aExito en los negocios. _2bidex |
|
| 650 | 4 | _aEtica política. | |
| 650 | 4 |
_aCiencia política _xTrabajos anteriores a 1700. |
|
| 650 | 0 | _aSpanish language. | |
| 938 |
_aBaker & Taylor _bBKTY _c25.95 _d25.95 _i9875021059 _n0006955997 _sactive |
||
| 938 |
_aBaker and Taylor _bBTCP _nBK0006955997 |
||
| 942 |
_2lcc _cbk |
||
| 946 | _aclperez | ||
| 994 |
_aC0 _bDRFGD |
||
| 999 |
_c40278 _d40278 |
||